000 02820cam a22003014a 4500
005 20250605164332.0
008 250528s ||||||||||||||||||||||||d
035 _a23258
020 _a9786188129801
040 _aGR-AtMCL
_bgre
_dGR-AtMCL
_eAACR2
245 1 _aΣχεδιασμός και Υλοποίηση Στρατηγικής των Επιχειρήσεων
250 _a
260 _bUtopia,
_c2017
300 _a282
520 _a20η Αμερικανική Έκδοση. Έννοιες και Τεχνικές Σχεδιασμού και Υλοποίησης Στρατηγικής, Τι Είναι η Στρατηγική και Γιατί Είναι Σημαντική, Χάραξη της Κατεύθυνσης μιάς Εταιρείας - το Όραμα της - η Αποστολή της - οι Στόχοι της και η Στρατηγικής της, Αξιολόγηση του Εξωτερικού Περιβάλλοντος μιας Εταιρείας, Αξιολόγηση των Πόρων και των Ικανοτήτων και της Ανταγωνιστικής Θέσης μιας Εταιρείας, Οι Πέντε Γενικές Στρατηγικές Ανταγωνισμού, Ενίσχυση της Στρατηγικής Θέσης της Εταιρείας και οι Στρατηγικές Κινήσεις και η Επιλογή του Χρόνου και το Φάσμα Λειτουργιών, Στρατηγικές Ανταγωνισμού στις Διεθνείς Αγορές, Εταιρική Στρατηγική και η Διαφοροποίησησ και η Πολυεπιχείρηση, Ηθική και Εταιρική Κοινωνική Ευθύνη και η Περιβαλλοντική Βιωσιμότητα και Στρατηγική, Οικοδόμηση Ενός Οργανισμού Ικανού να Υλοποιήσει Καλά τη Στρηγική - Άνθρωποι και Δυνατότητες και Δομή, Διοίκηση Εσωτερικών Λειτουργιών και Δράσεις που Προάγουν τη Σωστή Υλοποίηση της Στρατηγικής, Εταιρική Κουλτούρα και Ηγεσία - Κλειδιά για τη Σωστή Υλοποίηση της Στρατηγικής.
700 1 _aGamble John E
_97889
700 1 _aPeteraf Margaret A
_98738
700 1 _aStrickland A.J
_91600
700 1 _aThompson Arthur
_91601
700 1 _aΔρυμπέτας Ευάγγελος
_95409
700 1 _aΚίτσιος Φώτιος
_98844
700 1 _aΚωνσταντόπουλος Νικόλαος
_98845
700 1 _aΜυλώνη Βαρβάρα
_98846
700 1 _aΠολλάκης Γιάννης Α
_98176
942 _cBK
999 _c8287
_d8287